| 000 | 00450nam a2200169 4500 | ||
|---|---|---|---|
| 003 | SEACOMMC | ||
| 005 | 20250421155134.0 | ||
| 008 | 241015b |||||||| |||| 00| 0 eng d | ||
| 020 | _cRs.250.00 | ||
| 040 | _aSEACOMMC | ||
| 082 |
_a070.4 _bS 531 |
||
| 100 | _aSharma,Jitendra Kumar | ||
| 245 | 1 |
_aEthics of Journalism in Transition _c Jitendra Kumar Sharma |
|
| 260 |
_a Delhi _b Author press _c 2005 |
||
| 650 | _aMass Communication | ||
| 942 | _cBOOK | ||
| 999 |
_c649 _d649 |
||